|
|
|
|
| LEADER |
00000nab a2200000 a 4500 |
| 001 |
vtls000439132 |
| 003 |
SK-MaSNL |
| 005 |
20260303210831.0 |
| 008 |
230217c1991 xo 0 cze |
| 015 |
|
|
|a SNBRB19rr/mm-uuuuu
|
| 035 |
|
|
|a CL0439260
|
| 035 |
|
|
|a urn:nbn:sk:snk-ab2ply
|
| 035 |
|
|
|a (urnnbn)urn:nbn:sk:snk:ar-a02qh1
|
| 035 |
|
|
|a (uuid)5caae1c4-4458-4c0a-916f-f9d8d76e78d7
|
| 040 |
|
|
|a SNKBUCL
|b slo
|c SNKBUCL
|e AACR2
|
| 041 |
0 |
|
|a cze
|
| 044 |
|
|
|a xo
|c SK
|
| 080 |
|
|
|a 347.7
|2 1981
|
| 080 |
|
|
|a 351.82
|2 1981
|
| 080 |
|
|
|a 339.1
|2 1981
|
| 100 |
1 |
|
|a Cyrner, Antonín
|4 aut
|9 944329
|
| 245 |
1 |
0 |
|a Na obzore obchodné právo
|c Antonín Cyrner
|
| 650 |
0 |
7 |
|a obchod
|2 snkbucl
|9 2198
|
| 650 |
0 |
7 |
|a obchodné právo
|2 snkbucl
|9 2216
|
| 655 |
|
7 |
|a články z novín a časopisov
|2 snkbucl
|9 267496
|
| 773 |
0 |
|
|t Ekonomika poľnohospodárstva
|g Roč. 30, č. 8 (1991), s. 364-366
|
| 850 |
|
|
|a Slovenská národná knižnica v Martine
|a MTA001
|
| 852 |
|
|
|a SNK
|b KIS3GCP
|
| 954 |
|
|
|a odborná, vedecká literatúra cudzojazyčná (svetová)
|2 lita
|
| 958 |
|
|
|a RK
|
| 958 |
|
|
|a OND
|
| 958 |
|
|
|a EUIPO
|
| 958 |
|
|
|a article27
|
| 992 |
|
|
|a RBX
|
| 999 |
|
|
|c 2201992
|d 2203922
|